Analýza energetických systémov pre budovy s takmer nulovou potrebou energie

Guardado en:
Detalles Bibliográficos
Autor principal: Schmuckerová, Dominika (Autor)
Otros Autores: Kalús, Daniel (Orientador)
Formato: Manuscrito Libro
Lenguaje:eslovaco
Publicado: 2021
Materias:
Acceso en línea:http://is.stuba.sk/zp/portal_zp.pl?podrobnosti=137266
https://opac.crzp.sk/?fn=detailBiblioForm&sid=551040C4B46A551A406BF5C2BF23
Etiquetas: Agregar Etiqueta
Sin Etiquetas, Sea el primero en etiquetar este registro!

MARC

LEADER 00000ntm a22000003a 4500
001 stuzp73273
003 SK-STU
005 20230609102103.9
007 ta
008 150427s2015----xo-----f-mn---000-0-slo-d
040 |a STU  |b slo 
041 0 |a slo 
100 1 |a Schmuckerová, Dominika  |u 010290  |4 aut  |U SvF Stavebná fakulta  |T SvF Katedra technických zariadení budov  |X 87769  |U V290  |Y 31  |7 87769 
242 0 1 |a Analysis of energy systems for buildings with nearly zero energy requirement  |y eng 
245 1 0 |a Analýza energetických systémov pre budovy s takmer nulovou potrebou energie 
260 |c 2021 
650 4 |a energetické systémy  |2 slo 
650 4 |a obnoviteľné zdroje  |2 slo 
650 4 |a tepelné čerpadlo  |2 slo 
650 4 |a analýza  |2 slo 
650 4 |a podlahové vykurovanie  |2 slo 
650 4 |a analysis  |2 eng 
650 4 |a energy systems  |2 eng 
650 4 |a renewable sources  |2 eng 
650 4 |a heat pump  |2 eng 
650 4 |a underfloor heating  |2 eng 
700 1 |a Kalús, Daniel  |u 010290  |k Z1  |4 ths  |U SvF Stavebná fakulta  |T SvF Katedra technických zariadení budov  |X 799  |U V290  |Y 31  |7 A000000799 
856 4 |u http://is.stuba.sk/zp/portal_zp.pl?podrobnosti=137266 
856 4 |u https://opac.crzp.sk/?fn=detailBiblioForm&sid=551040C4B46A551A406BF5C2BF23